Online
Catalog

Dictadura con respaldo popular / (Record no. 53593)

MARC details
000 -CABECERA
campo de control de longitud fija 01512nam a2200301 i 4500
003 - IDENTIFICADOR DEL NÚMERO DE CONTROL
campo de control DO-SdBNP
005 - FECHA Y HORA DE LA ÚLTIMA TRANSACCIÓN
campo de control 20260321073645.0
007 - CAMPO FIJO DE DESCRIPCIÓN FÍSICA--INFORMACIÓN GENERAL
campo de control de longitud fija ta
008 - DATOS DE LONGITUD FIJA--INFORMACIÓN GENERAL
campo de control de longitud fija 230523e1999 dr |||gr|||| 001 edspa d
020 ## - NÚMERO INTERNACIONAL ESTÁNDAR DEL LIBRO
Número Internacional Estándar del Libro 8495119080
040 ## - FUENTE DE LA CATALOGACIÓN
Centro catalogador/agencia de origen DO-SdBNP
Lengua de catalogación spa
Centro/agencia transcriptor BNPHU
Normas de descripción rda
041 ## - CÓDIGO DE LENGUA
Código de lengua del texto/banda sonora o título independiente spa
082 #4 - NÚMERO DE LA CLASIFICACIÓN DECIMAL DEWEY
Número de edición 320.97293054
Número de documento/Ítem B742d 1999
Número de clasificación 22
100 1# - ENTRADA PRINCIPAL--NOMBRE DE PERSONA
Nombre de persona Bosch, Juan,
Fechas asociadas al nombre 1909-2001
Término indicativo de función/relación autor
Código de función/relación aut.
9 (RLIN) 76555
245 10 - MENCIÓN DE TÍTULO
Título Dictadura con respaldo popular /
Mención de responsabilidad, etc. Juan Bosch.
250 ## - MENCIÓN DE EDICIÓN
Mención de edición quinta edición
264 #1 - PRODUCCIÓN, PUBLICACIÓN, DISTRIBUCIÓN, FABRICACIÓN Y COPYRIGHT
Producción, publicación, distribución, fabricación y copyright Santo Domingo :
Nombre del de productor, editor, distribuidor, fabricante Alfa & Omega,
Fecha de producción, publicación, distribución, fabricación o copyright 1999.
300 ## - DESCRIPCIÓN FÍSICA
Extensión 229 paginas ;
Dimensiones 19 cm.
336 ## - TIPO DE CONTENIDO
Término de tipo de contenido texto
Código de tipo de contenido txt
Fuente rdacontent
337 ## - TIPO DE MEDIO
Nombre/término del tipo de medio sin medición
Código del tipo de medio n
Fuente rdamedia
338 ## - TIPO DE SOPORTE
Nombre/término del tipo de soporte volumen
Código del tipo de soporte nc
Fuente rdacarrier
505 ## - NOTA DE CONTENIDO CON FORMATO
Nota de contenido con formato Contextualización y vigencia de un texto --
Título El próximo paso : dictadura con respaldo popular. --
-- Oligarquía, burguesía y pequeña burguesía. --
-- Oligarquía y antitrujillismo. --
-- Necedades acerca de la burguesía nacional. --
-- ¿Dictadura del proletariado?, no : dictadura con respaldo popular. --
-- El papel de la débil burguesía nacional en el regimen de la dictadura con respaldo popular. --
-- Sicología de las clase en la República Dominicana. --
-- Algunas ideas acerca de la comunicación con las masas. --
-- El frente de la dictadura con respaldo popular.
590 ## - NOTA LOCAL (RLIN)
Nota local Inventariado, 2023/MFF
651 #4 - PUNTO DE ACCESO ADICIONAL DE MATERIA--NOMBRE GEOGRÁFICO
Nombre geográfico República Dominicana
Subdivisión general Política y gobierno
9 (RLIN) 83440
Subdivisión cronológica 1961-
651 #4 - PUNTO DE ACCESO ADICIONAL DE MATERIA--NOMBRE GEOGRÁFICO
Nombre geográfico América Latina
Subdivisión general Política y gobierno
9 (RLIN) 2618
910 ## - DATOS DE OPCIÓN DEL USUARIO (OCLC)
Datos de opción del usuario Validado. Control de calidad MFF
942 ## - ELEMENTOS DE PUNTO DE ACCESO ADICIONAL (KOHA)
Fuente del sistema de clasificación o colocación Dewey Decimal Classification
Tipo de ítem Koha Libro
Holdings
Estado de retiro Estado de pérdida Fuente del sistema de clasificación o colocación Restricciones de uso No para préstamo Código de colección Localización permanente Ubicación/localización actual Ubicación en estantería Fecha de adquisición Fuente de adquisición Signatura topográfica completa Código de barras Fecha visto por última vez Precio válido a partir de Tipo de ítem Koha Total de préstamos Número de copia Nota pública
    Dewey Decimal Classification Excluido de préstamo   Patrimonio Dominicano Biblioteca Nacional Pedro Henríquez Ureña Biblioteca Nacional Pedro Henríquez Ureña Depósito 07.01.2022 Dondo por Educarte BNPHU PD 320.97293054 B742d 1999 2023-2028 23.05.2023 23.05.2023 Libro      
    Dewey Decimal Classification Excluido de préstamo   Patrimonio Dominicano Biblioteca Nacional Pedro Henríquez Ureña Biblioteca Nacional Pedro Henríquez Ureña Depósito 08.05.2024 Donado por la Presidencia de la República Dominicana 2023. BNPHU PD B742d 1999 2024-2834 08.05.2024 08.05.2024 Libro   e.2 Pertenecio a la biblioteca personal de Emilio Cordero Michel.

Powered by Koha